Vereine der 5 Europäischen Topligen - Statistiken

Allgemein
  • Dieses Quiz wurde 282 mal gespielt
    155 seit der letzten Aktualisierung
  • Das Durchschnittsergebnis liegt bei 58 aus 98
Antwortstatistiken
Antwort % Korrekt
FC Bayern München
99%
Borussia Dortmund
96%
1. FC Union Berlin
93%
Bayer 04 Leverkusen
93%
Real Madrid
93%
FC Barcelona
91%
FC Schalke 04
91%
Manchester City
91%
Manchester United
91%
Paris Saint Germain
91%
SSV Markranstädt
91%
Hertha BSC Berlin
90%
VfB Stuttgart
90%
1. FC Köln
89%
SV Werder Bremen
89%
1. FSV Mainz 05
88%
Eintracht Frankfurt
88%
FC Liverpool
88%
FC Augsburg
87%
FC Chelsea
87%
Juventus Turin
87%
SC Freiburg
87%
VfL Wolfsburg
87%
FC Arsenal
86%
Inter Mailand
86%
TSG 1899 Hoffenheim
86%
Olympique Marseille
85%
Atletico Madrid
84%
AC Mailand
83%
AS Rom
83%
Borussia Mönchengladbach
83%
VfL Bochum
83%
Olympique Lyon
82%
Lazio Rom
77%
SSC Neapel
77%
Tottenham Hotspur
77%
FC Sevilla
76%
FC Valencia
72%
FC Everton
69%
Real Betis Sevilla
69%
AS Monaco
65%
Athletic Bilbao
65%
Newcastle United
65%
Aston Villa
64%
Leicester City
64%
Atalanta Bergamo
63%
Espanyol Barcelona
63%
Lille OSC
63%
West Ham United
62%
Wolverhampton Wanderers
61%
OGC Nizza
59%
Brighton & Hove Albion
57%
Leeds United
57%
FC Southampton
55%
Nottingham Forest
54%
FC Villarreal
53%
RCD Mallorca
53%
Stade Rennes
53%
AC Florenz
52%
FC Fulham
52%
FC Turin
51%
FC Nantes
50%
Real Sociedad San Sebastian
50%
FC Brentford
47%
Crystal Palace
46%
FC Bologna
46%
RC Lens
45%
Racing Straßburg
43%
Celta Vigo
42%
AFC Bournemouth
39%
FC Getafe
39%
FC Toulouse
39%
Sampdoria Genua
39%
Hellas Verona
38%
Stade Reims
36%
Udinese Calcio
36%
Montpellier HSC
35%
Stade Brest
34%
Sassuolo Calcio
33%
Real Valladolid
32%
US Lecce
31%
FC Girona
30%
AC Monza
29%
FC Elche
29%
FC Cadiz
28%
Rayo Vallecano
28%
Angers SCO
23%
US Salernitana
23%
AC Ajaccio
22%
CA Osasuna
22%
FC Lorient
22%
Spezia Calcio
22%
UD Almeria
22%
AJ Auxerre
21%
Clermont Foot
18%
FC Empoli
17%
ES Troyes AC
16%
US Cremonese
15%
Keine übereinstimmenden Quizze gefunden
Verteilung der Resultate
Anzahl Personen mit jedem Resultat
Perzentil nach korrekt beantworteten Fragen
Ihre Resultats-Entwicklung
Sie haben dieses Quiz seit der letzten Aktualisierung nicht gespielt